Health Chemistry / (Record no. 31168)

000 -LEADER
fixed length control field 00493nam a22001577a 4500
008 - FIXED-LENGTH DATA ELEMENTS--GENERAL INFORMATION
fixed length control field 220224b |||||||| |||| 00| 0 eng d
020 ## - INTERNATIONAL STANDARD BOOK NUMBER
International Standard Book Number 9780669299632
050 ## - LIBRARY OF CONGRESS CALL NUMBER
Classification number QD 40 .H47 1996
100 ## - MAIN ENTRY--PERSONAL NAME
Personal name Herron, Dudley J.
245 ## - TITLE STATEMENT
Title Health Chemistry /
Statement of responsibility, etc. Dudley J. Herron
260 ## - PUBLICATION, DISTRIBUTION, ETC. (IMPRINT)
Place of publication, distribution, etc. US:
Name of publisher, distributor, etc. D.C Health and company,
Date of publication, distribution, etc. 1996.
300 ## - PHYSICAL DESCRIPTION
Extent xxiv,867p. :
Other physical details ill. ;
Dimensions 37cm
500 ## - GENERAL NOTE
General note includes bibliographical references
650 ## - SUBJECT ADDED ENTRY--TOPICAL TERM
Source of heading or term Chemistry
942 ## - ADDED ENTRY ELEMENTS (KOHA)
Source of classification or shelving scheme
Koha item type Hard Covered Materials
Classification part QD 40 .H47 1996
Holdings
Withdrawn status Lost status Source of classification or shelving scheme Damaged status Not for loan Home library Current library Shelving location Date acquired Source of acquisition Total Checkouts Full call number Barcode Date last seen Price effective from Koha item type
          MACHAKOS UNIVERSITY LIBRARY MACHAKOS UNIVERSITY LIBRARY Open shelf 24/02/2022 Damaris Mwanza   QD 40 .H47 1996 23779 24/02/2022 24/02/2022 Hard Covered Materials
© Machakos University Library, Along The Highway, Machakos Wote Rd, Machakos, Kenya P.O. Box 136 - 90100 Machakos - Kenya

Tel: ( +254 ) 723 805829 OR Fax : 044-20353 OR Email: library@mksu.ac.ke